| Tag |
First Indicator |
Second Indicator |
Subfields |
| LEADER |
00000cam a2200000 a 4500 |
| 001 |
in00000070805 |
| 005 |
20151008061920.0 |
| 008 |
750429s1974 pe b 00010 spam |
| 010 |
|
|
|a 75557420
|
| 035 |
|
|
|a (OCoLC)01304474
|
| 035 |
|
|
|9 AAJ9121AM
|
| 040 |
|
|
|a DLC
|c IXA
|d SER
|d m.c.
|d TXA
|d UtOrBLW
|
| 049 |
|
|
|a TXAM
|c [1406748]
|
| 050 |
0 |
0 |
|a HN350.M34
|b A43
|
| 100 |
1 |
|
|a Alberti, Giorgio,
|d 1936-
|
| 245 |
1 |
0 |
|a Poder y conflicto social en el valle del Mantaro, 1900-1974 /
|c Giorgio Alberti, Rodrigo Sanchez.
|
| 250 |
|
|
|a 1a ed.
|
| 264 |
|
1 |
|a Lima :
|b Instituto de Estudios Peruanos,
|c 1974.
|
| 300 |
|
|
|a 220 pages ;
|c 20 cm.
|
| 336 |
|
|
|a text
|b txt
|2 rdacontent
|
| 337 |
|
|
|a unmediated
|b n
|2 rdamedia
|
| 338 |
|
|
|a volume
|b nc
|2 rdacarrier
|
| 490 |
1 |
|
|a Peru problema ;
|v 10
|
| 504 |
|
|
|a Bibliography: pages [215]-220.
|
| 651 |
|
0 |
|a Rio Mantaro Valley
|x Social conditions.
|
| 651 |
|
0 |
|a Rio Mantaro Valley
|x Politics and government.
|
| 700 |
1 |
|
|a Sánchez Enríquez, Rodrigo.
|
| 830 |
|
0 |
|a Perú problema ;
|v 10.
|
| 999 |
|
|
|a MARS
|
| 999 |
f |
f |
|s 55afbe3e-903e-3334-9efe-698754c71012
|i 702bab3a-7de3-3e91-ae1d-b282e1c25c64
|t 0
|
| 952 |
f |
f |
|p ric
|a Texas A&M University
|b Rellis Campus
|c Joint Library Facility
|d Remote Storage
|t 0
|e HN350.M34 A43
|h Library of Congress classification
|i unmediated -- volume
|m A14806141005
|
| 998 |
f |
f |
|a HN350.M34 A43
|t 0
|l Remote Storage
|